00655 a2200133 4500003000500000005001700005040000900022082001100031100001900042245006200061260003200123300001100155505035500166Nust20170207154318.0 cNust a004.68 aBrebner,Gordon aComputers in CommunicationbCommunicationcGordon Brebner aNew YorkbMcGraw Hillc2002 a488 p; aIntroduction (Page-1) Information (Page-35) Time (Page-80) Time Packages (page-110 ) Space (Page-138 ) Message Broadcasting Networks (Page-168 ) Message Switching Networks (Page-222) Inter-networks (Page- 267) Case Study 1: Accessing the World Wide Web (page-311) Case Study 2: Controlling a manufacturing device (Page-359) Standardization (pag-411)